| 000 | 00384nam a2200133Ia 4500 | ||
|---|---|---|---|
| 003 | GCL | ||
| 008 | 140319s9999 xx 000 0 ara d | ||
| 040 |
_aGCL / _cGCL |
||
| 082 | 0 | 4 |
_a927 _bا د |
| 245 | 1 | 0 | _aدراسات فى تاريخ صقلية الاسلامية |
| 260 |
_a[S.N] : _bاقرأ للطباعة والترجمة والنشر ، _c1990 |
||
| 300 | _a277 ص | ||
| 490 | _a | ||
| 999 |
_c53403 _d53403 |
||